00527nam a22001577a 4500008004100000020001800041040005500059080001600114100001700130245009300147246003900240260004300279300001000322365001600332650002100348230705b |||||||| |||| 00| 0 eng d a9789352669370 aNational Science LibrarycNational Science Library a82-3MURbQ8 aMurty, Sudha aसुधा मूर्ति की लोकप्रिय कहानियां aSudha Murty ki lokpriya kahaniyan  aNew Delhi: bPrabhat Prakashan, c2018 a190p. b400.00cINR aHindi literature